000 00348nam a2200145Ia 4500
008 150301s2015 xx 000 0 und d
082 _a615.19
_bE13S
100 _aSIDDIQUI, ANUS .A
245 _aEXPERIMENTAL PHARMACEUTICAL CHEMISTRY
250 _a3RD
260 _bCBS- DELHI
300 _a387
650 _aORGANIC CHEMISTRY
942 _2ddc
_cBK
999 _c7172
_d7172